|
|
|
|
| LEADER |
00000nam0a2200000 4500 |
| 001 |
337869 |
| 005 |
20231102005008.0 |
| 035 |
|
|
|a (RuTPU)RU\TPU\book\364357
|
| 090 |
|
|
|a 337869
|
| 100 |
|
|
|a 20171114d1968 km y0rusy50 ca
|
| 101 |
0 |
|
|a rus
|
| 102 |
|
|
|a RU
|
| 105 |
|
|
|a a z 001zy
|
| 200 |
1 |
|
|a Релейные системы пневмоавтоматики
|f М. Д. Лемберг
|
| 210 |
|
|
|a Москва
|c Энергия
|d 1968
|
| 215 |
|
|
|a 143 с.
|c ил.
|
| 225 |
1 |
|
|a Библиотека по автоматике
|v Вып. 278
|
| 320 |
|
|
|a Библиогр.: с. 141
|
| 606 |
1 |
|
|a Пневмоавтоматика
|2 stltpush
|3 (RuTPU)RU\TPU\subj\49457
|9 68255
|
| 610 |
1 |
|
|a устройства
|
| 610 |
1 |
|
|a классификация
|
| 610 |
1 |
|
|a структура
|
| 610 |
1 |
|
|a технические характеристики
|
| 610 |
1 |
|
|a проектирование
|
| 610 |
1 |
|
|a автоматическое управление
|
| 610 |
1 |
|
|a элементы
|
| 610 |
1 |
|
|a промышленные примеры
|
| 610 |
1 |
|
|a газомотокомпрессоры
|
| 610 |
1 |
|
|a газораспределительные станции
|
| 610 |
1 |
|
|a конденсатоотводчики
|
| 610 |
1 |
|
|a автоматы
|
| 610 |
1 |
|
|a релейные системы
|
| 610 |
1 |
|
|a релейные схемы
|
| 675 |
|
|
|a 681.521
|v 4
|
| 700 |
|
1 |
|a Лемберг
|b М. Д.
|g Михаил Дмитриевич
|
| 801 |
|
1 |
|a RU
|b 63413507
|c 20171114
|
| 801 |
|
2 |
|a RU
|b 63413507
|c 20171115
|g RCR
|
| 942 |
|
|
|c BK
|